European Food A-Z by Images - Statistics

General Stats
  • This quiz has been taken 38 times
  • The average score is 7 of 26
Answer Stats
Picture Answer % Correct
Fish and Chips
92%
Lasagna
86%
Paella
70%
Dolmades
43%
Empanada
43%
Goulash
43%
Quiche Lorraine
38%
Yorkshire Pudding
32%
Calzone
30%
Moules-Frites
30%
Wiener Schnitzel
30%
Nicoise Salad
24%
Rösti
22%
Irish Stew
19%
Osso Buco
19%
Vichyssoise
16%
Bitterballen
11%
Aligot
8%
Kedgeree
8%
Sekaná
3%
Tiropita
3%
Ukha
3%
Zapiekanka
3%
Hasenpfeffer
0%
Jota
0%
Xoubas
0%
No matching quizzes found
Score Distribution
Percent of People with Each Score
Percentile by Number Answered
Your Score History
You have not taken this quiz